000 00309nam a2200121Ia 4500
005 20260328104344.0
008 260328s9999||||xx |||||||||||||| ||und||
100 _aClayton, Susan
245 0 _aNotre Dame Cathedral Commemorative Book /
_cSusan Clayton
300 _a57 p.
650 _aIGLESIAS
942 _cBK
999 _c12246
_d12246